| 000 | 00872nam a22002177a 4500 | ||
|---|---|---|---|
| 999 |
_c18980 _d18980 |
||
| 003 | AR-CdUCM | ||
| 008 | 190516b ||||| |||| 00| 0 spa d | ||
| 040 |
_aMUNICIPALIDAD PROVINCIAL DEL CUSCO _cBIBLIOTECA MUNICIPAL DEL CUSCO |
||
| 082 |
_a628.1 / _bJ73 |
||
| 100 |
_aJordan jr, Thomas D _939967 |
||
| 245 |
_aSistemas de agua potable por gravedad : _bPara poblaciones rurales / |
||
| 260 |
_aGran Bretaña : _bTecnologia Intermedia, _c1988. |
||
| 300 |
_a292 paginas ; _c21 cm. |
||
| 505 | _aContenido: Evaluación de la comunidad y estudio de factibilidad -- Levantamiento topografico -- Periodo de diseño, población y demandas de agua -- Tipos de sistemas -- Teoria hidraulica... | ||
| 650 |
_aAgua _919441 |
||
| 650 |
_aPotable _939968 |
||
| 650 |
_aVida _9884 |
||
| 700 |
_aFlores de Falconi, Carmen _939969 |
||
| 942 |
_2ddc _cLIBROS |
||
| 945 |
_apjha _d2019-05-16 |
||